00654nam a2200193 4500010001300000020001500013035001300028037001800041040001200059082001500071100001700086245010600103260003600209270004200245300004400287650004700331650004500378650003700423 aA-583131 a0863113889 aA-583131 bCen Lib / Ret aDPLbEN a327.1bIQB aIqbal Singh  aBetween two fires :btowards an understanding of Jawaharlal Nehru's foreign policy /cby Iqbal Singh  aNew DelhibOrient Longmanc1992 a1/24 Asaf Ali RoadbNew Delhie110002 a2 v. ; (v 1. 376 ; v 2. 342p)b24cm(Hb) a India -- Foreign relations -- 1919-1947.  aIndia -- Foreign relations -- 1947-1984. aNehru, Jawaharlal, -- 1889-1964.